|
|
|
|
| LEADER |
00000nam a2200000 a 4500 |
| 001 |
UCX2518 |
| 003 |
CL-VaPUC |
| 008 |
910611e19900000CL |||||||||||||||||spa|d |
| 082 |
0 |
4 |
|a 303.483
|b CPU
|2 21
|
| 110 |
2 |
|
|a CPU
|e author
|9 318462
|
| 710 |
2 |
|
|a Corporación de Promoción Universitaria
|e author
|9 318463
|
| 245 |
1 |
0 |
|a Innovación y desarrollo tecnológico: evaluación, selección y validación de proyectos
|
| 300 |
|
|
|a 168 p
|
| 942 |
|
|
|c BK
|
| 945 |
|
|
|d 19910611 00:00:00
|
| 260 |
|
|
|a Santiago
|b C.P.U
|c 1990
|
| 650 |
|
7 |
|a DESARROLLO CIENTIFICO Y TECNOLOGICO
|2 CL-VaPUC
|9 259101
|
| 651 |
|
7 |
|a CHILE
|2 CL-VaPUC
|9 318464
|
| 583 |
|
|
|a last modification
|c 19910611 00:00:00
|k Rodrigo Vera
|
| 999 |
|
|
|c 223521
|d 223519
|
| 952 |
|
|
|0 0
|1 0
|4 0
|6 303_483000000000000_CPU_1990
|7 0
|8 A
|9 219425
|a BIBHIS
|b BIBHIS
|d 2019-11-15
|i 2881489
|o 303.483 CPU 1990
|p 2881489
|r 2025-01-20
|w 2019-11-15
|y BK
|k HIS
|